000 01039cam a22003251 4500
001 260643
003 ARRUPE
005 20150520163431.0
008 841005s1967 gw a b 000 0 eng
010 _a 66020638
035 _a(OCoLC)178381
035 _a(OCoLC)ocm00178381
035 _a(CStRLIN)NYCG84-B66004
035 _a(NNC)260643
040 _cDCL
050 0 _aQ180.A1
_bB77
082 _a501
090 _aQ180.A1
_bB77
100 1 _aBunge, Mario,
_d1919-
_917895
245 1 0 _aScientific research
_c[by] Mario Bunge.
260 _aBerlin,
_aNew York,
_bSpringer-Verlag,
_c1967.
300 _aviii, 373
_billus.
_c24 cm.
490 1 _aStudies in the foundations, methodology and philosophy of science ;
_vv. 3
504 _aIncludes bibliographies.
505 0 _av. 1. The search for system.--v. 2. The search for truth.
650 0 _aResearch.
_2Methodology
_917896
830 0 _aStudies in the foundations, methodology and philosophy of science ;
_vv. 3.
_917897
942 _2lcc
_cMONOGRAPH
999 _c122860
_d122860